• 首页
  • 本馆介绍
  • 公告通知
  • 最新文献
  • 馆藏检索
  • 电子资源
  • 读者导购
  • 参考咨询
  • 我的图书馆
  • 登录
  • 详细信息显示
  • 放入我的书架
  • 预约/预借图书
  • 作者相关作品
  • 分类相关作品
  • 丛书相关作品
  • 出版社相关作品

书目信息

  • 表格格式
  • 工作单格式
  • 卡片格式
题名:
中国分省公路交通地图集
    
 
作者: ;地图出版社 主编
分册:  
出版信息: 北京   地图出版社  1986.06
页数: 33幅
开本: 26cm
丛书名:
单 册:
中图分类: K992.9
科图分类:
主题词: 旅游图--中国
电子资源:
ISBN:
000 00633nam0 2200217 45
001 0186017796
005 20050105113019.9
010    @dCNY4.85
100    @a19900724d1986 em y0chiy0121 ea
101 0  @achi
102    @aCN@b110000
105    @ab z 000yy
200 10 @a中国分省公路交通地图集@AZhong Guo Fen Sheng Gong Lu Jiao Tong Di Tu Ji@f地图出版社主编@FDi Tu Chu Ban She Zhu Bian
210    @a北京@c地图出版社@d1986.06
215    @a33幅@d26cm
606 0  @a旅游图@x中国
690    @aK992.9@v3
711 02 @a地图出版社@4主编
801  0 @aCN@b深圳图书馆@c20050105
801  2 @aCN@bNLC@c20050105
905    @f1@b170720@dK992.9@e17
    
    中国分省公路交通地图集/地图出版社主编.-北京:地图出版社,1986.06
    33幅;26cm
    
    
    ISBN :CNY4.85
    
●
相关链接 在E读中查询图书 在五车中查询图书 在当当中查询图书 在豆瓣中查询图书


正题名:中国分省公路交通地图集     索取号:K992.9/17         预约/预借

序号 登录号 条形码 馆藏地/架位号 状态 备注
1 0170719   000082957   第二样本阅览室/ [索取号:K992.9/17] 在馆    
2 0170720   001965332   密集书库/ [索取号:K992.9/17] 在馆    
唐山师范学院图书馆 欢迎您!
大连网信软件有限公司© 版权所有